Music Quiz

Random Music or Kpop Quiz
Score 0/32 Timer 03:00
0 Plays Today
Group Answer % Correct
Got7Jinyoung
88%
Wanna OneJinyoung
88%
B.A.PYoungjae
86.1%
Got7Youngjae
86.1%
2PMWooyoung
79.2%
ATEEZWooyoung
79.2%
Fromis_9Chaeyoung
74%
TwiceChaeyoung
74%
Day6Young K
72.3%
NCTDoyoung
71.9%
Girls' GenerationSooyoung
49.5%
ApinkHayoung
47.1%
Fromis_9Hayoung
47.1%
PlaybackHayoung
47.1%
TRCNGHayoung
47.1%
GugudanNayoung
44.8%
Group Answer % Correct
PristinNayoung
44.8%
BoyfriendYoungmin
43.7%
MXMYoungmin
43.5%
SF9Hwiyoung
38.7%
SF9Youngbin
38%
IZ*ONEWonyoung
37.1%
The BoyzYounghoon
30.4%
Black6ixTaeyoung
27%
Seven O'ClockTaeyoung
27%
Bolbbalgan4Jiyoung
26.1%
Cosmic GirlsDayoung
25.1%
After SchoolE-Young
18.1%
Hello VenusSeoyoung
14%
Cross GeneSeyoung
12.6%
Hello VenusYooyoung
12.2%
Dal★ShabetAyoung
10.7%
Remove Ads.
Support Sporcle.
Get the best of Sporcle when you Go Orange. This ad-free experience offers more features, more stats, and more fun while also helping to support Sporcle. Thank you for becoming a member.

You're not logged in!

Compare scores with friends on all Sporcle quizzes.
OR
Log In

Show Comments

Extras

Top Quizzes Today


Score Distribution

Your Account Isn't Verified!

In order to create a playlist on Sporcle, you need to verify the email address you used during registration. Go to your Sporcle Settings to finish the process.

Report this User

Report this user for behavior that violates our Community Guidelines.

Details: